000 00492nam a2200193Ia 4500
005 20250923145157.0
008 008 250917s9999 xx 000 0 eng d
037 _aTextual
040 _aDSWL
_beng
_cDSWL
041 _aeng
_2eng
084 _qDSWL
245 0 _aPsychoanalytic study of the child
_cEd.by R.S. Eissler
260 _aLondon
_bHogarth Press
_c1966
300 _a493p.
365 _aINR
_b84
925 _g84
942 _cTEXL
999 _c1448113
_d1448113